[Event "Challenge"]
[Site "http://www.queenalice.com/game.php?id=674659"]
[Date "2009.10.29"]
[Round "-"]
[White "Lendario"]
[Black "vivi_jamile"]
[Result "1-0"]
[WhiteElo "1903"]
[BlackElo "986"]

1. e4 e5 2. Nf3 d6 3. Nc3 Nh6 4. d4 Be7 5. dxe5 O-O 6. Bxh6 gxh6 7. exd6 cxd6 8.
Qd2 Be6 9. Bd3 Nc6 10. e5 Nxe5 11. Nxe5 dxe5 12. Qxh6 Bf6 13. Qxh7# 1-0

[Event "AUTO-INT-1501"]
[Site "http://www.queenalice.com/game.php?id=677041"]
[Date "2009.11.3"]
[Round "1"]
[White "audrey1552"]
[Black "Lendario"]
[Result "0-1"]
[WhiteElo "1698"]
[BlackElo "1881"]

1. d4 d5 2. Nf3 Nf6 3. e3 Nc6 4. Bd3 Bg4 5. Nbd2 e5 6. O-O exd4 7. Qe1 Nb4 8.
Nxd4 Nxc2 9. Bxc2 c5 10. Ba4+ Bd7 11. Bxd7+ Qxd7 12. N4f3 Bd6 13. b3 Bc7 14. Bb2
Qd6 15. Rc1 g5 16. Nxg5 Qxh2# 0-1

[Event "AUTO-INT-1501"]
[Site "http://www.queenalice.com/game.php?id=677042"]
[Date "2009.11.3"]
[Round "1"]
[White "Lendario"]
[Black "audrey1552"]
[Result "1-0"]
[WhiteElo "1758"]
[BlackElo "1700"]

1. e4 e5 2. Nf3 Nc6 3. Nc3 Nf6 4. Bc4 Bc5 5. O-O O-O 6. Ng5 d5 7. exd5 Nd4 8. d3
Bg4 9. Qd2 Bb4 10. Qe3 Nxc2 11. Qxe5 Nxa1 12. Nce4 Be2 13. Qf5 Bxf1 14. Nxf6+
Qxf6 15. Qxh7# 1-0

[Event "AUTO-INT-1501"]
[Site "http://www.queenalice.com/game.php?id=677067"]
[Date "2009.11.3"]
[Round "1"]
[White "alesson"]
[Black "Lendario"]
[Result "1-0"]
[WhiteElo "1658"]
[BlackElo "1689"]

1. e4 e5 2. Qh5 Nc6 3. Bc4 Qf6 4. d3 Bc5 5. Nf3 Nd4 6. Nxd4 Bxd4 7. f3 g6 8. Qh3
d5 9. Bxd5 Bxh3 10. gxh3 O-O-O 11. Nd2 Qh4+ 12. Kd1 Be3 13. Nc4 Bxc1 14. Kxc1 f5
15. Na5 c6 16. Be6+ Kb8 17. exf5 gxf5 18. Bxf5 Qg5+ 19. Kb1 Qxf5 20. a3 1-0

[Event "AUTO-INT-1501"]
[Site "http://www.queenalice.com/game.php?id=677068"]
[Date "2009.11.3"]
[Round "1"]
[White "Lendario"]
[Black "alesson"]
[Result "0-1"]
[WhiteElo "1712"]
[BlackElo "1639"]

1. e4 e5 2. Nf3 d6 3. d4 exd4 4. Qxd4 Nc6 5. Bb5 a6 6. Bxc6+ bxc6 7. O-O c5 8.
Qd5 Be6 9. Qd3 Bc4 10. Qxc4 h6 11. Nc3 Nf6 12. e5 dxe5 13. Nxe5 Qe7 14. Bf4 g5
15. Nc6 Qd7 16. Rae1+ Be7 17. Rxe7+ Qxe7 18. Nxe7 Kxe7 19. Qxc5+ Ke6 20. Qe5+
Kd7 0-1

[Event "BlackRose Dragon"]
[Site "http://www.queenalice.com/game.php?id=678462"]
[Date "2009.11.5"]
[Round "1"]
[White "Lendario"]
[Black "paloberto"]
[Result "0-1"]
[WhiteElo "1640"]
[BlackElo "1984"]

1. e4 e5 2. Nf3 Nc6 3. Nc3 Nf6 4. Bc4 Bc5 5. Ng5 O-O 6. O-O d6 7. Nd5 Ng4 8. d4
Bxd4 9. Ne3 Qxg5 10. Nxg4 Qxg4 11. Be2 Qxe4 12. c3 Bb6 13. Bd3 Qg4 14. Qe1 f6
15. h3 Qg3 16. Be3 Bxe3 17. Qxe3 Qxe3 18. fxe3 d5 19. c4 dxc4 20. Bxc4+ Kh8 21.
b3 b6 0-1

[Event "AUTO-ADV-1538"]
[Site "http://www.queenalice.com/game.php?id=681850"]
[Date "2009.11.12"]
[Round "1"]
[White "Lendario"]
[Black "Mars"]
[Result "0-1"]
[WhiteElo "1781"]
[BlackElo "1515"]

1. e4 e5 2. Nc3 Bb4 3. Nd5 Nc6 4. Bc4 Nf6 5. Nh3 Nxe4 6. O-O O-O 7. Bd3 Nf6 8.
Nxf6+ Qxf6 9. c3 Be7 10. Be4 b6 11. d4 Bb7 12. Bg5 Qe6 13. f4 Qc4 14. Bxh7+ Kxh7
0-1

[Event "AUTO-ADV-1538"]
[Site "http://www.queenalice.com/game.php?id=681851"]
[Date "2009.11.12"]
[Round "1"]
[White "Mars"]
[Black "Lendario"]
[Result "1-0"]
[WhiteElo "1542"]
[BlackElo "1744"]

1. d4 d5 2. Nc3 e6 3. Bd2 Nc6 4. Nf3 Qf6 5. Bg5 Qf5 6. e3 Nb4 7. Rc1 c5 8. Be2
h6 9. Nb5 Kd7 10. Ne5+ Qxe5 11. dxe5 hxg5 12. a3 Nc6 13. c4 a6 14. Qa4 f6 15.
exf6 1-0

[Event "AUTO-ADV-1538"]
[Site "http://www.queenalice.com/game.php?id=681852"]
[Date "2009.11.12"]
[Round "1"]
[White "Lendario"]
[Black "Tonto"]
[Result "0-1"]
[WhiteElo "1655"]
[BlackElo "1921"]

1. e4 e5 2. d4 Bd6 3. dxe5 Bxe5 4. Nf3 d6 5. Bb5+ c6 6. Bc4 h6 7. Nxe5 Qa5+ 8.
Nc3 Qxe5 9. Be3 Nf6 10. Qf3 Bg4 11. Qg3 Nbd7 0-1

[Event "AUTO-ADV-1538"]
[Site "http://www.queenalice.com/game.php?id=681853"]
[Date "2009.11.12"]
[Round "1"]
[White "Tonto"]
[Black "Lendario"]
[Result "1-0"]
[WhiteElo "1926"]
[BlackElo "1650"]

1. e4 e5 2. d3 d5 3. Be2 d4 4. Nf3 Nc6 5. a3 Bg4 6. Ng5 Bxe2 7. Qxe2 Nh6 8. Nh3
g5 9. Bxg5 Qd7 10. Qh5 Ng4 11. Nd2 b5 12. Qh4 1-0

[Event "AUTO-ADV-1538"]
[Site "http://www.queenalice.com/game.php?id=681854"]
[Date "2009.11.12"]
[Round "1"]
[White "Lendario"]
[Black "carlosjvega"]
[Result "0-1"]
[WhiteElo "1832"]
[BlackElo "1785"]

1. e4 e5 2. Nc3 c6 3. d4 d5 4. Qh5 exd4 5. Qe5+ Qe7 6. Qxd4 dxe4 7. Bf4 Bf5 8.
O-O-O Na6 9. Bxa6 bxa6 10. f3 Nf6 11. Qa4 Qb7 12. Bd6 Bxd6 13. Rxd6 Rc8 14. Nge2
O-O 15. fxe4 Bd7 16. Rhd1 Bg4 17. e5 Bxe2 18. Re1 Bb5 19. Qd4 Ne8 0-1

[Event "AUTO-ADV-1538"]
[Site "http://www.queenalice.com/game.php?id=681855"]
[Date "2009.11.12"]
[Round "1"]
[White "carlosjvega"]
[Black "Lendario"]
[Result "1-0"]
[WhiteElo "1803"]
[BlackElo "1804"]

1. e4 e5 2. Nf3 Nc6 3. Bb5 Nb4 4. d4 c6 5. Ba4 Qa5 6. Nc3 Nf6 7. a3 Na6 8. O-O
exd4 9. b4 Qh5 10. Nxd4 Qe5 11. Qd3 Ng4 12. g3 c5 13. Nf3 Qh5 14. h4 Be7 15. Nh2
cxb4 16. Nd5 Qe5 17. Nxg4 Qxa1 18. Bg5 Qxa3 19. Bxe7 Qxa4 20. Bd6 Qc6 21. Ne7
1-0

[Event "AUTO-MASTER-955"]
[Site "http://www.queenalice.com/game.php?id=682574"]
[Date "2009.11.13"]
[Round "1"]
[White "devagar"]
[Black "Lendario"]
[Result "1-0"]
[WhiteElo "1953"]
[BlackElo "1852"]

1. e4 e5 2. Nf3 Nc6 3. Nc3 d6 4. Bb5 Bd7 5. O-O Nd4 6. Bxd7+ Qxd7 7. Nxd4 exd4
8. Ne2 Nf6 9. Nxd4 d5 10. e5 Ne4 11. d3 Bc5 12. Be3 Qe7 13. dxe4 Qxe5 14. exd5
Bd6 15. Nf3 Qh5 16. c4 O-O 17. g3 1-0

[Event "AUTO-MASTER-955"]
[Site "http://www.queenalice.com/game.php?id=682575"]
[Date "2009.11.13"]
[Round "1"]
[White "Lendario"]
[Black "devagar"]
[Result "0-1"]
[WhiteElo "1876"]
[BlackElo "1940"]

1. e4 c5 2. Nf3 Nc6 3. Bc4 e6 4. d4 cxd4 5. Nxd4 g6 6. Nxc6 bxc6 7. e5 Qa5+ 8.
Nc3 Qxe5+ 9. Be2 Ba6 10. O-O Bg7 11. Bxa6 Ne7 12. Be3 d5 13. Bd4 Qxd4 14. Qe2
O-O 15. Rad1 Qb6 16. Na4 Qa5 17. b3 c5 0-1

[Event "AUTO-MASTER-955"]
[Site "http://www.queenalice.com/game.php?id=682580"]
[Date "2009.11.13"]
[Round "1"]
[White "amand"]
[Black "Lendario"]
[Result "1-0"]
[WhiteElo "2178"]
[BlackElo "1668"]

1. e4 e5 2. Bc4 Nf6 3. Nc3 Bb4 4. Nge2 Bxc3 5. Nxc3 c6 6. a3 O-O 7. O-O d5 8.
exd5 cxd5 9. Bb3 Qc7 10. Nxd5 Nxd5 11. Bxd5 Nd7 12. d3 Nf6 13. Bb3 e4 14. dxe4
Ng4 15. g3 Re8 16. f3 Qb6+ 17. Kg2 Be6 18. Bxe6 Rxe6 19. fxg4 Rxe4 20. Qf3 1-0

[Event "AUTO-MASTER-955"]
[Site "http://www.queenalice.com/game.php?id=682581"]
[Date "2009.11.13"]
[Round "1"]
[White "Lendario"]
[Black "amand"]
[Result "0-1"]
[WhiteElo "1668"]
[BlackElo "2177"]

1. e4 e6 2. Nc3 d5 3. exd5 exd5 4. d4 Nf6 5. a3 Be7 6. Qd3 c6 7. Qg3 O-O 8. Bf4
Nh5 9. Qf3 Nxf4 10. Qxf4 Nd7 11. O-O-O Bg5 12. Nh3 Bxf4+ 13. Nxf4 Nf6 14. h3 Bf5
15. g4 Be4 16. Nxe4 Nxe4 17. Rh2 Qg5 18. Kb1 Qxf4 19. Rg2 Nd2+ 0-1